| 000 | 00597nam a2200181Ia 4500 | ||
|---|---|---|---|
| 008 | 100921s9999 xx 000 0 und d | ||
| 082 |
_b14902 _a891.461 ढ 96 |
||
| 100 | _aअनंत-ओक वामन दाजी. | ||
| 245 | _aकवितासंग्रह. | ||
| 260 |
_bजावजी तुकाराम,मुंबई. _c1896 |
||
| 300 |
_a188 _b--- |
||
| 365 | _b1 | ||
| 520 | _aललित-काव्य. | ||
| 630 | _aकवितासंग्रह. | ||
| 650 | _aललित-काव्य. | ||
| 730 | _aकवितासंग्रह. | ||
| 942 | _cBOOK | ||
| 999 |
_c764015 _d764012 |
||